000 00332nam a22001337a 4500
008 171101b xxu||||| |||| 00| 0 eng d
020 _a9789280811056
041 _aeng
080 _a339.9
100 _a59
101 _aGLO
245 _aTRANSFORMATION OF CITIES IN CENTRAL AND EASTERN EUROPE
_cHAMILTON.I
942 _2udc
_cBK
999 _c37121
_d37121